Statistics for Největší města ČR

Click here to take the quiz!

General Stats

  • This quiz has been taken 1 299 times
  • The average score is 20 of 26

Answer Stats

PopulaceMěsto% Correct
1 280 508Praha1.
100%
377 973Brno2.
99%
291 634Ostrava3.
98%
170 548Plzeň4.
95%
90 044Pardubice10.
94%
93 470České Budějovice7.
93%
103 853Liberec5.
93%
92 929Hradec Králové9.
92%
100 378Olomouc6.
92%
49 046Karlovy Vary21.
90%
75 117Zlín11.
90%
92 984Ústí nad Labem8.
89%
50 559Jihlava18.
87%
68 660Kladno13.
72%
57 387Opava15.
72%
66 768Most14.
69%
44 056Mladá Boleslav24.
62%
54 413Karviná17.
60%
56 719Frýdek-Místek16.
58%
49 697Teplice19.
57%
48 739Chomutov22.
56%
49 521Děčín20.
56%
73 274Havířov12.
51%
43 791Přerov26.
47%
43 975Prostějov25.
47%
45 702Jablonec nad Nisou23.
45%

Score Distribution

Percentile by Number Answered

Percent of People with Each Score

Your Score History

You have not taken this quiz